[Event "D14"]
[Site "?"]
[Date "2020.08.25"]
[Round "1.1"]
[White "Palejko, Maria"]
[Black "Starosta, Martyna"]
[Result "0-1"]
[BlackElo "1800"]
[WhiteElo "1261"]
[LiveChessVersion "1.4.4"]

1. e4 {[%clk 0:15:19]} e5 {[%clk 0:15:18]} 2. Nf3 {[%clk 0:15:28]} Nc6
{[%clk 0:15:27]} 3. d4 {[%clk 0:15:37]} exd4 {[%clk 0:15:36]} 4. Nxd4
{[%clk 0:15:46]} Nf6 {[%clk 0:15:45]} 5. Nc3 {[%clk 0:15:54]} Bb4
{[%clk 0:15:53]} 6. Nxc6 {[%clk 0:16:00]} bxc6 {[%clk 0:16:02]} 7. Bd3
{[%clk 0:16:08]} d6 {[%clk 0:16:11]} 8. O-O {[%clk 0:16:14]} Be6 {[%clk 0:16:06]}
9. Bg5 {[%clk 0:16:15]} h6 {[%clk 0:16:14]} 10. Bh4 {[%clk 0:16:23]} g5
{[%clk 0:16:16]} 11. Bg3 {[%clk 0:16:32]} h5 {[%clk 0:15:53]} 12. h4
{[%clk 0:15:33]} Ng4 {[%clk 0:15:44]} 13. hxg5 {[%clk 0:15:12]} Qxg5
{[%clk 0:14:45]} 14. Qf3 {[%clk 0:15:11]} h4 {[%clk 0:11:48]} 15. Bf4 Qg7
{[%clk 0:11:08]} 16. e5 {[%clk 0:14:55]} d5 {[%clk 0:10:58]} 17. Ne2
{[%clk 0:13:26]} Bc5 {[%clk 0:09:23]} 18. Rae1 {[%clk 0:12:20]} Nxf2
{[%clk 0:08:51]} 19. Rxf2 {[%clk 0:12:12]} Bg4 {[%clk 0:08:59]} 20. Bh6
{[%clk 0:11:20]} Rxh6 {[%clk 0:08:47]} 21. Qf4 {[%clk 0:11:12]} Bxe2
{[%clk 0:07:43]} 22. Rexe2 {[%clk 0:11:03]} h3 {[%clk 0:07:02]} 23. g3
{[%clk 0:08:54]} Rb8 {[%clk 0:04:04]} 24. Kh2 {[%clk 0:08:16]} Bxf2
{[%clk 0:04:11]} 25. Qxf2 {[%clk 0:08:20]} Rb6 {[%clk 0:03:26]} 26. b3
{[%clk 0:06:58]} Re6 {[%clk 0:02:58]} 27. Qf4 {[%clk 0:06:30]} a5
{[%clk 0:02:29]} 28. Bf5 {[%clk 0:05:56]} Rb4 {[%clk 0:02:35]} 29. c4
{[%clk 0:05:47]} Re7 {[%clk 0:02:30]} 30. Bxh3 {[%clk 0:05:40]} dxc4
{[%clk 0:02:27]} 31. bxc4 {[%clk 0:05:48]} Qg6 {[%clk 0:02:15]} 32. Qf3
{[%clk 0:05:01]} Rxc4 {[%clk 0:02:08]} 33. Qb3 {[%clk 0:04:53]} Rb4
{[%clk 0:02:10]} 34. Qc3 {[%clk 0:04:59]} Kf8 {[%clk 0:01:51]} 35. a3
{[%clk 0:04:59]} Re4 {[%clk 0:01:51]} 36. Rb2 {[%clk 0:04:39]} R7xe5
{[%clk 0:01:39]} 37. Rb8+ {[%clk 0:04:36]} Kg7 {[%clk 0:01:42]} 38. Re8
{[%clk 0:03:55]} Qf6 {[%clk 0:01:12]} 39. Ra8 {[%clk 0:03:32]} Re2+
{[%clk 0:01:18]} 40. Bg2 {[%clk 0:03:21]} Rxg2+ {[%clk 0:01:25]} 41. Kxg2
{[%clk 0:02:55]} Re2+ {[%clk 0:01:34]} 42. Kh3 {[%clk 0:03:01]} Qxc3
{[%clk 0:01:43]} 43. a4 {[%clk 0:03:09]} Qe5 {[%clk 0:01:46]} 44. Ra7
{[%clk 0:03:14]} Qh5# {[%clk 0:01:54]} 0-1

[Event "D14"]
[Site "?"]
[Date "2020.08.25"]
[Round "1.2"]
[White "Zabrzanska, Weronika"]
[Black "Pastuszko, Katarzyna"]
[Result "1-0"]
[BlackElo "1257"]
[WhiteElo "1654"]
[LiveChessVersion "1.4.4"]

1. e4 {[%clk 0:15:19]} e5 {[%clk 0:15:19]} 2. Nf3 {[%clk 0:15:28]} Nc6
{[%clk 0:15:27]} 3. Bc4 {[%clk 0:15:36]} Nf6 {[%clk 0:15:36]} 4. d3
{[%clk 0:15:45]} Bc5 {[%clk 0:15:44]} 5. c3 {[%clk 0:15:53]} d6 {[%clk 0:15:46]}
6. O-O {[%clk 0:15:55]} O-O {[%clk 0:15:53]} 7. Re1 {[%clk 0:15:48]} a6
{[%clk 0:15:39]} 8. Bb3 {[%clk 0:15:56]} Ba7 {[%clk 0:15:37]} 9. Nbd2
{[%clk 0:15:33]} Be6 {[%clk 0:15:22]} 10. Bc2 {[%clk 0:14:50]} Qd7
{[%clk 0:14:09]} 11. Nf1 {[%clk 0:14:46]} Ne7 {[%clk 0:13:46]} 12. Bg5
{[%clk 0:13:11]} Ng4 {[%clk 0:09:34]} 13. d4 {[%clk 0:12:38]} exd4
{[%clk 0:06:16]} 14. cxd4 {[%clk 0:11:54]} Ng6 {[%clk 0:05:03]} 15. h3
{[%clk 0:11:02]} h6 {[%clk 0:04:34]} 16. Bd2 {[%clk 0:08:44]} Nf6
{[%clk 0:03:36]} 17. d5 {[%clk 0:06:44]} Bxh3 {[%clk 0:03:02]} 18. gxh3
{[%clk 0:06:52]} Qxh3 {[%clk 0:03:03]} 19. Be3 {[%clk 0:05:16]} Bxe3
{[%clk 0:02:00]} 20. Rxe3 {[%clk 0:01:55]} Nf4 {[%clk 0:00:41]} 21. Ne1
{[%clk 0:01:54]} Qd7 {[%clk 0:00:27]} 22. Qf3 {[%clk 0:01:45]} Ng6 23. Ng2
{[%clk 0:01:41]} Ne5 {[%clk 0:00:34]} 24. Qg3 {[%clk 0:01:26]} Rae8
{[%clk 0:00:37]} 25. Nh2 {[%clk 0:01:29]} Nh5 {[%clk 0:00:36]} 26. Qh4
{[%clk 0:01:32]} Nf6 {[%clk 0:00:36]} 27. b3 {[%clk 0:01:17]} c6 {[%clk 0:00:42]}
28. Rd1 {[%clk 0:00:42]} c5 {[%clk 0:00:40]} 29. f4 {[%clk 0:00:41]} Ng6
{[%clk 0:00:48]} 30. Qe1 {[%clk 0:00:48]} b5 {[%clk 0:00:46]} 31. e5
{[%clk 0:00:18]} dxe5 {[%clk 0:00:54]} 32. fxe5 {[%clk 0:00:26]} Ng4
{[%clk 0:00:46]} 33. Nxg4 {[%clk 0:00:29]} Qxg4 {[%clk 0:00:54]} 34. Rg3
{[%clk 0:00:32]} Qh5 {[%clk 0:00:59]} 35. Bxg6 {[%clk 0:00:32]} fxg6
{[%clk 0:01:08]} 36. e6 {[%clk 0:00:40]} Qf5 {[%clk 0:01:11]} 37. Qf1
{[%clk 0:00:34]} Qe5 {[%clk 0:01:05]} 38. Qe1 {[%clk 0:00:41]} Qd6
{[%clk 0:01:10]} 39. Rxg6 {[%clk 0:00:35]} Re7 {[%clk 0:01:05]} 40. Qg3
{[%clk 0:00:40]} Qb6 {[%clk 0:01:12]} 41. d6 {[%clk 0:00:41]} c4+
{[%clk 0:01:21]} 42. Kh2 {[%clk 0:00:48]} 1-0

[Event "D14"]
[Site "?"]
[Date "2020.08.25"]
[Round "1.3"]
[White "Scisla, Oliwia"]
[Black "Pawicka, Magdalena"]
[Result "0-1"]
[BlackElo "1610"]
[WhiteElo "1253"]
[LiveChessVersion "1.4.4"]

1. e4 {[%clk 0:15:18]} e5 {[%clk 0:15:18]} 2. Nf3 {[%clk 0:15:24]} Nc6
{[%clk 0:15:27]} 3. Nc3 {[%clk 0:15:30]} Nf6 {[%clk 0:15:32]} 4. d4
{[%clk 0:15:39]} exd4 {[%clk 0:15:29]} 5. Nxd4 {[%clk 0:15:46]} Bb4
{[%clk 0:15:34]} 6. Nxc6 {[%clk 0:15:44]} bxc6 {[%clk 0:15:43]} 7. Bd3
{[%clk 0:15:43]} O-O {[%clk 0:14:57]} 8. O-O {[%clk 0:15:47]} d5 {[%clk 0:13:43]}
9. Bg5 {[%clk 0:15:21]} Bxc3 {[%clk 0:13:11]} 10. bxc3 {[%clk 0:15:26]} dxe4
{[%clk 0:13:10]} 11. Bxf6 {[%clk 0:14:51]} Qxf6 {[%clk 0:13:10]} 12. Bxe4
{[%clk 0:14:58]} Qxc3 {[%clk 0:13:04]} 13. Qd3 {[%clk 0:14:53]} Qxd3
{[%clk 0:12:40]} 14. cxd3 {[%clk 0:15:00]} Ba6 {[%clk 0:07:17]} 15. Rfc1
{[%clk 0:14:32]} f5 {[%clk 0:02:56]} 16. Bxc6 {[%clk 0:14:08]} Rad8
{[%clk 0:03:05]} 17. Bf3 {[%clk 0:14:00]} Rf7 {[%clk 0:02:48]} 18. Rd1
{[%clk 0:13:55]} Bxd3 {[%clk 0:02:36]} 19. Rd2 {[%clk 0:12:56]} Rfd7
{[%clk 0:02:39]} 20. Rad1 {[%clk 0:12:50]} Bb5 {[%clk 0:02:41]} 21. Rd5
{[%clk 0:10:49]} Rxd5 {[%clk 0:02:15]} 22. Rxd5 {[%clk 0:10:56]} Rxd5
{[%clk 0:02:12]} 23. Bxd5+ {[%clk 0:11:04]} Kf8 {[%clk 0:02:20]} 24. f4
{[%clk 0:11:10]} Ke7 {[%clk 0:02:04]} 25. Bg8 {[%clk 0:10:53]} h6
{[%clk 0:01:48]} 26. Kf2 {[%clk 0:10:59]} Kd6 {[%clk 0:01:41]} 27. Ke3
{[%clk 0:11:03]} Kc5 {[%clk 0:01:47]} 28. a3 {[%clk 0:11:10]} Bc4
{[%clk 0:01:30]} 29. Bh7 {[%clk 0:11:16]} Be6 {[%clk 0:01:21]} 30. Bg6
{[%clk 0:11:09]} Kc4 {[%clk 0:01:23]} 31. Be8 {[%clk 0:11:08]} c5
{[%clk 0:01:08]} 32. a4 {[%clk 0:11:07]} Kb4 {[%clk 0:01:15]} 33. Kd3
{[%clk 0:11:07]} Bc4+ {[%clk 0:01:09]} 34. Kd2 {[%clk 0:11:14]} Bb3
{[%clk 0:01:17]} 35. Bd7 {[%clk 0:11:14]} g6 {[%clk 0:00:48]} 36. Be8
{[%clk 0:11:22]} g5 {[%clk 0:00:49]} 37. g3 {[%clk 0:11:28]} gxf4
{[%clk 0:00:56]} 38. gxf4 {[%clk 0:11:36]} Bxa4 {[%clk 0:01:05]} 39. Bg6
{[%clk 0:11:43]} Bd7 {[%clk 0:01:14]} 40. Kc2 {[%clk 0:11:45]} c4
{[%clk 0:01:20]} 41. h4 {[%clk 0:11:42]} a5 {[%clk 0:01:28]} 42. Bf7
{[%clk 0:11:41]} a4 {[%clk 0:01:31]} 43. h5 {[%clk 0:11:49]} a3 {[%clk 0:01:38]}
44. Kb1 {[%clk 0:11:56]} Kb3 {[%clk 0:01:32]} 45. Ka1 {[%clk 0:12:02]} Kb4
{[%clk 0:01:26]} 46. Kb1 {[%clk 0:12:06]} Bc6 {[%clk 0:01:25]} 47. Be6
{[%clk 0:12:11]} Be4+ {[%clk 0:01:34]} 48. Ka1 {[%clk 0:12:20]} c3
{[%clk 0:01:37]} 49. Kb1 {[%clk 0:12:24]} 0-1

[Event "D14"]
[Site "?"]
[Date "2020.08.25"]
[Round "1.4"]
[White "Siekanska, Maria"]
[Black "Egeman, Emilia"]
[Result "1-0"]
[BlackElo "1225"]
[WhiteElo "1609"]
[LiveChessVersion "1.4.4"]

1. d4 d5 2. c4 e6 3. Nc3 Nf6 4. cxd5 exd5 5. Bg5 c6 6. e3 Be7 7. Bd3 h6 8. Bh4
Nbd7 9. Nge2 Nb6 10. O-O O-O 11. f3 Nh5 12. Bxe7 Qxe7 13. e4 dxe4 14. fxe4 Qg5
15. Qc1 Qg4 16. Nf4 Qg5 17. Nxh5 Qxh5 18. e5 Be6 19. Ne4 Nd5 20. Qd2 Rad8 21. Nd6
Rd7 22. Rf2 f6 23. Raf1 Rfd8 24. Bc2 fxe5 25. Qd3 g6 26. dxe5 Qxe5 27. Qxg6+ Rg7
28. Rf8+ Rxf8 29. Rxf8+ Kxf8 30. Qe8# 1-0

[Event "D14"]
[Site "?"]
[Date "2020.08.25"]
[Round "1.5"]
[White "Szopa, Emilia"]
[Black "Barwinska, Ewa"]
[Result "1/2-1/2"]
[BlackElo "1567"]
[WhiteElo "1214"]
[LiveChessVersion "1.4.4"]

1. e4 c5 2. Ne2 e5 3. g3 Nf6 4. Bg2 d5 5. exd5 Nxd5 6. Nbc3 Be6 7. O-O Be7 8. d3
O-O 9. f4 exf4 10. Nxd5 Bxd5 11. Bxf4 Nc6 12. Be3 Bxg2 13. Kxg2 Re8 14. Nc3 Ne5
15. Ne4 Qd5 16. Kg1 f6 17. Qe2 Rad8 18. a3 Qc6 19. Rad1 b6 20. Rd2 c4 21. Nc3
cxd3 22. cxd3 Ng6 23. Ne4 Ne5 24. Rc2 Qd5 25. Rd1 Nxd3 26. Nf2 Bc5 27. Rxd3 Qe6
1/2-1/2

[Event "D14"]
[Site "?"]
[Date "2020.08.25"]
[Round "1.6"]
[White "Tokarz, Izabela"]
[Black "Gaczol, Julia"]
[Result "1-0"]
[BlackElo "1209"]
[WhiteElo "1533"]
[LiveChessVersion "1.4.4"]

1. d4 {[%clk 0:15:19]} d5 {[%clk 0:15:19]} 2. c4 {[%clk 0:15:27]} e6
{[%clk 0:15:27]} 3. Nc3 {[%clk 0:15:36]} Nf6 {[%clk 0:15:36]} 4. cxd5
{[%clk 0:15:44]} exd5 {[%clk 0:15:43]} 5. Bg5 {[%clk 0:15:53]} Be7
{[%clk 0:15:41]} 6. Qc2 {[%clk 0:15:59]} O-O {[%clk 0:15:07]} 7. e3
{[%clk 0:16:08]} h6 {[%clk 0:15:10]} 8. Bh4 {[%clk 0:16:16]} b6 {[%clk 0:14:56]}
9. Bd3 {[%clk 0:15:42]} Bb7 {[%clk 0:14:06]} 10. Nf3 {[%clk 0:15:30]} Nbd7
{[%clk 0:13:37]} 11. O-O {[%clk 0:14:45]} c5 {[%clk 0:13:35]} 12. Ne5
{[%clk 0:14:33]} Qc7 {[%clk 0:12:44]} 13. f4 {[%clk 0:13:41]} Rac8
{[%clk 0:10:26]} 14. Qe2 {[%clk 0:11:50]} c4 {[%clk 0:09:34]} 15. Bf5
{[%clk 0:10:19]} Rfe8 {[%clk 0:08:33]} 16. Bxf6 {[%clk 0:09:37]} Nxf6
{[%clk 0:06:35]} 17. Bxc8 {[%clk 0:09:41]} Bxc8 {[%clk 0:06:25]} 18. Qf3
{[%clk 0:08:11]} Qb7 {[%clk 0:06:01]} 19. g4 {[%clk 0:06:20]} b5 {[%clk 0:04:42]}
20. g5 {[%clk 0:06:01]} Ne4 {[%clk 0:03:25]} 21. Nxe4 {[%clk 0:05:49]} dxe4
{[%clk 0:03:33]} 22. Qh5 {[%clk 0:05:09]} Be6 {[%clk 0:00:51]} 23. gxh6
{[%clk 0:04:51]} g6 {[%clk 0:00:31]} 24. Nxg6 {[%clk 0:04:41]} f6
{[%clk 0:00:34]} 25. h7+ {[%clk 0:04:43]} Kg7 {[%clk 0:00:39]} 26. h8=Q+
{[%clk 0:04:25]} Rxh8 {[%clk 0:00:44]} 27. Qxh8+ {[%clk 0:04:33]} 1-0

[Event "D14"]
[Site "?"]
[Date "2020.08.25"]
[Round "1.7"]
[White "Nowak, Zuzanna"]
[Black "Arciszewska, Zuzanna"]
[Result "0-1"]
[BlackElo "1515"]
[WhiteElo "1191"]
[LiveChessVersion "1.4.4"]

1. e4 {[%clk 1:30:53]} d5 {[%clk 1:30:54]} 2. Nc3 {[%clk 1:31:06]} c6
{[%clk 1:26:43]} 3. Nf3 {[%clk 1:30:52]} Bg4 {[%clk 1:25:02]} 4. h3
{[%clk 1:31:09]} Bxf3 {[%clk 1:23:30]} 5. Qxf3 {[%clk 1:30:17]} e6
{[%clk 1:23:49]} 6. exd5 {[%clk 1:28:50]} cxd5 {[%clk 1:24:04]} 7. Bb5+
{[%clk 1:28:42]} Nc6 {[%clk 1:24:16]} 8. O-O {[%clk 1:28:31]} Nf6
{[%clk 1:22:48]} 9. Ne2 {[%clk 1:26:51]} Qb6 {[%clk 1:20:01]} 10. Bxc6+
{[%clk 1:24:40]} Qxc6 {[%clk 1:14:45]} 11. c3 {[%clk 1:23:30]} Be7
{[%clk 1:12:15]} 12. d4 {[%clk 1:23:07]} Ne4 {[%clk 1:05:45]} 13. Bf4
{[%clk 1:19:47]} h5 {[%clk 1:03:30]} 14. Qd3 {[%clk 1:17:32]} g5 {[%clk 1:01:14]}
15. Be5 {[%clk 1:14:10]} Rh6 {[%clk 0:52:06]} 16. f3 {[%clk 1:13:04]} Nd6
{[%clk 0:52:08]} 17. b3 {[%clk 1:09:03]} f6 {[%clk 0:48:14]} 18. Bh2
{[%clk 1:08:09]} Qb5 {[%clk 0:43:59]} 19. Qe3 {[%clk 1:03:28]} Qd7
{[%clk 0:43:11]} 20. Bxd6 {[%clk 1:00:57]} Qxd6 {[%clk 0:42:27]} 21. f4
{[%clk 1:00:25]} O-O-O {[%clk 0:40:24]} 22. fxg5 {[%clk 0:59:52]} fxg5
{[%clk 0:40:45]} 23. Nc1 {[%clk 0:58:00]} Rf6 {[%clk 0:32:03]} 24. Nd3
{[%clk 0:58:05]} Rdf8 {[%clk 0:31:48]} 25. Rae1 {[%clk 0:56:53]} Qc7
{[%clk 0:25:20]} 26. Rxf6 {[%clk 0:52:41]} Rxf6 {[%clk 0:25:43]} 27. Rf1
{[%clk 0:50:02]} Rxf1+ {[%clk 0:18:26]} 28. Kxf1 {[%clk 0:50:28]} Qd7
{[%clk 0:18:38]} 29. Ke2 {[%clk 0:46:55]} Qd6 {[%clk 0:16:10]} 30. b4
{[%clk 0:45:28]} Qa6 {[%clk 0:15:17]} 31. a4 {[%clk 0:45:25]} Qxa4
{[%clk 0:15:15]} 32. Qxe6+ {[%clk 0:44:58]} Qd7 {[%clk 0:15:43]} 33. Qf7
{[%clk 0:43:06]} Bd8 {[%clk 0:13:06]} 34. Qg8 {[%clk 0:38:44]} Qa4
{[%clk 0:12:30]} 35. Qe6+ {[%clk 0:38:35]} Qd7 {[%clk 0:12:57]} 36. Qg8
{[%clk 0:38:51]} Qf5 {[%clk 0:12:17]} 37. Ne5 {[%clk 0:37:05]} Qc2+
{[%clk 0:11:19]} 38. Kf1 {[%clk 0:36:51]} Qc1+ {[%clk 0:11:13]} 39. Ke2
{[%clk 0:35:52]} Qc2+ {[%clk 0:11:34]} 40. Kf1 {[%clk 1:06:09]} Qc1+
{[%clk 0:40:21]} 41. Ke2 {[%clk 1:06:05]} Qc2+ {[%clk 0:40:28]} 0-1

[Event "D14"]
[Site "?"]
[Date "2020.08.25"]
[Round "2.1"]
[White "Starosta, Martyna"]
[Black "Zalog, Aleksandra"]
[Result "1-0"]
[BlackElo "1379"]
[WhiteElo "1800"]
[LiveChessVersion "1.4.4"]

1. e4 {[%clk 0:15:18]} c6 {[%clk 0:15:19]} 2. d4 {[%clk 0:15:26]} d5
{[%clk 0:15:26]} 3. Nc3 {[%clk 0:15:35]} e6 {[%clk 0:15:29]} 4. Nf3
{[%clk 0:15:24]} Bb4 5. exd5 {[%clk 0:15:04]} Bxc3+ {[%clk 0:14:56]} 6. bxc3
{[%clk 0:15:12]} Qxd5 {[%clk 0:14:59]} 7. c4 {[%clk 0:15:09]} Qe4+
{[%clk 0:13:45]} 8. Be2 {[%clk 0:15:01]} Nd7 {[%clk 0:13:34]} 9. O-O
{[%clk 0:15:07]} Ngf6 {[%clk 0:13:40]} 10. Ba3 {[%clk 0:14:54]} Qf4
{[%clk 0:13:15]} 11. Rb1 {[%clk 0:12:38]} b6 {[%clk 0:12:30]} 12. Re1
{[%clk 0:11:52]} Bb7 {[%clk 0:12:19]} 13. c3 {[%clk 0:10:34]} Ne4
{[%clk 0:09:09]} 14. Qd3 {[%clk 0:09:43]} Ndf6 {[%clk 0:07:31]} 15. Bd1
{[%clk 0:07:34]} Ng5 {[%clk 0:06:11]} 16. Nxg5 {[%clk 0:06:51]} Qxg5
{[%clk 0:06:17]} 17. Bf3 {[%clk 0:05:49]} Qh4 {[%clk 0:05:21]} 18. c5
{[%clk 0:04:04]} b5 {[%clk 0:04:04]} 19. Rxb5 {[%clk 0:03:49]} cxb5
{[%clk 0:02:31]} 20. Qxb5+ {[%clk 0:03:57]} Ke7 {[%clk 0:02:36]} 21. Qxb7+
{[%clk 0:03:55]} Nd7 {[%clk 0:02:42]} 22. c6+ {[%clk 0:04:03]} Kf6
{[%clk 0:02:40]} 23. Qxd7 {[%clk 0:04:01]} Kg6 {[%clk 0:02:26]} 24. Be4+
{[%clk 0:04:03]} Kh6 {[%clk 0:02:33]} 25. Qxf7 {[%clk 0:03:52]} Rhf8
{[%clk 0:02:21]} 26. Bc1+ {[%clk 0:03:58]} g5 {[%clk 0:02:28]} 27. Qxh7#
{[%clk 0:04:06]} 1-0

[Event "D14"]
[Site "?"]
[Date "2020.08.25"]
[Round "2.2"]
[White "Lajdamik, Anna"]
[Black "Zabrzanska, Weronika"]
[Result "1/2-1/2"]
[BlackElo "1654"]
[WhiteElo "1371"]
[LiveChessVersion "1.4.4"]

1. e4 {[%clk 0:15:18]} e5 {[%clk 0:15:19]} 2. Nf3 {[%clk 0:15:26]} Nc6
{[%clk 0:15:29]} 3. Bb5 {[%clk 0:15:33]} Nge7 {[%clk 0:15:37]} 4. O-O
{[%clk 0:15:38]} g6 {[%clk 0:15:46]} 5. Nc3 {[%clk 0:15:45]} Bg7 {[%clk 0:15:44]}
6. d3 {[%clk 0:15:51]} a6 {[%clk 0:15:53]} 7. Bc4 {[%clk 0:15:55]} O-O
{[%clk 0:15:53]} 8. Bg5 {[%clk 0:15:53]} h6 {[%clk 0:15:51]} 9. Bh4
{[%clk 0:15:58]} g5 {[%clk 0:14:55]} 10. Bg3 {[%clk 0:09:22]} d6 {[%clk 0:14:33]}
11. h4 {[%clk 0:08:31]} Ng6 {[%clk 0:13:51]} 12. hxg5 {[%clk 0:08:10]} hxg5
{[%clk 0:13:59]} 13. Qd2 {[%clk 0:07:22]} Nf4 {[%clk 0:13:29]} 14. Bxf4
{[%clk 0:07:28]} exf4 {[%clk 0:13:10]} 15. g3 {[%clk 0:07:27]} g4
{[%clk 0:11:43]} 16. Nh4 {[%clk 0:07:13]} Ne5 {[%clk 0:10:56]} 17. Qxf4
{[%clk 0:06:03]} Bf6 {[%clk 0:08:46]} 18. Qh6 {[%clk 0:04:52]} Bg5
{[%clk 0:07:07]} 19. Qh5 {[%clk 0:04:40]} Bxh4 {[%clk 0:05:20]} 20. gxh4
{[%clk 0:04:23]} Nf3+ {[%clk 0:04:28]} 21. Kg2 {[%clk 0:04:20]} Ne5
{[%clk 0:01:51]} 22. Bb3 {[%clk 0:03:57]} Qf6 {[%clk 0:00:52]} 23. Qg5+
{[%clk 0:03:47]} Qxg5 {[%clk 0:00:47]} 24. hxg5 {[%clk 0:03:56]} c6
{[%clk 0:00:44]} 25. Rae1 {[%clk 0:03:19]} Nf3 {[%clk 0:00:37]} 26. Re3
{[%clk 0:03:24]} Kg7 {[%clk 0:00:35]} 27. Na4 {[%clk 0:02:52]} Rh8
{[%clk 0:00:19]} 28. Rh1 {[%clk 0:02:43]} Be6 {[%clk 0:00:26]} 29. Bxe6
{[%clk 0:02:33]} fxe6 {[%clk 0:00:36]} 30. Rxh8 {[%clk 0:02:36]} Rxh8
{[%clk 0:00:45]} 31. Nc3 {[%clk 0:02:38]} Kg6 {[%clk 0:00:34]} 32. Ne2
{[%clk 0:02:17]} Kxg5 {[%clk 0:00:39]} 33. c3 {[%clk 0:02:22]} Rh2+
{[%clk 0:00:28]} 34. Kg3 {[%clk 0:02:31]} Rh1 {[%clk 0:00:27]} 35. d4
{[%clk 0:02:28]} Ne1 {[%clk 0:00:22]} 36. f4+ {[%clk 0:01:06]} Kh5
{[%clk 0:00:16]} 37. f5 {[%clk 0:00:49]} exf5 {[%clk 0:00:16]} 38. exf5
{[%clk 0:00:54]} Rh3+ {[%clk 0:00:20]} 39. Kf2 {[%clk 0:01:03]} Nd3+
{[%clk 0:00:25]} 40. Rxd3 {[%clk 0:01:11]} Rxd3 {[%clk 0:00:33]} 41. Nf4+
{[%clk 0:01:20]} Kg5 {[%clk 0:00:42]} 42. Nxd3 {[%clk 0:01:29]} Kxf5
{[%clk 0:00:52]} 43. Ne1 {[%clk 0:01:35]} Kf4 {[%clk 0:01:00]} 44. Ng2+
{[%clk 0:01:43]} Ke4 {[%clk 0:01:05]} 45. Ke2 {[%clk 0:01:51]} c5
{[%clk 0:01:08]} 46. dxc5 {[%clk 0:01:51]} dxc5 {[%clk 0:01:17]} 47. b3
{[%clk 0:01:59]} b5 {[%clk 0:01:26]} 48. a3 {[%clk 0:02:07]} a5 {[%clk 0:01:35]}
49. Ne3 {[%clk 0:01:54]} g3 {[%clk 0:01:44]} 50. Ng2 {[%clk 0:02:01]} b4
{[%clk 0:01:37]} 51. axb4 {[%clk 0:01:51]} cxb4 {[%clk 0:01:34]} 52. cxb4
{[%clk 0:01:58]} axb4 {[%clk 0:01:42]} 53. Kd2 {[%clk 0:02:00]} Kf3
{[%clk 0:01:24]} 54. Ne3 {[%clk 0:02:08]} Kf2 {[%clk 0:01:27]} 55. Kd3
{[%clk 0:02:08]} Kf3 {[%clk 0:01:27]} 1/2-1/2

[Event "D14"]
[Site "?"]
[Date "2020.08.25"]
[Round "2.3"]
[White "Pawicka, Magdalena"]
[Black "Uliasz, Katarzyna"]
[Result "1-0"]
[BlackElo "1362"]
[WhiteElo "1610"]
[LiveChessVersion "1.4.4"]

1. e4 {[%clk 0:15:18]} c5 {[%clk 0:15:19]} 2. Nf3 {[%clk 0:15:25]} d6
{[%clk 0:15:28]} 3. d4 {[%clk 0:15:34]} cxd4 {[%clk 0:15:36]} 4. Nxd4
{[%clk 0:15:42]} Nf6 {[%clk 0:15:45]} 5. Nc3 {[%clk 0:15:52]} g6 {[%clk 0:15:54]}
6. Be3 {[%clk 0:15:54]} Bg7 {[%clk 0:16:03]} 7. f3 {[%clk 0:16:03]} O-O
{[%clk 0:16:10]} 8. Qd2 {[%clk 0:16:12]} Nc6 {[%clk 0:16:18]} 9. O-O-O
{[%clk 0:16:20]} d5 {[%clk 0:16:26]} 10. Qe1 {[%clk 0:16:27]} e5 {[%clk 0:16:32]}
11. Nxc6 {[%clk 0:16:35]} bxc6 {[%clk 0:16:40]} 12. exd5 {[%clk 0:16:33]} Nxd5
{[%clk 0:12:26]} 13. Bc4 {[%clk 0:16:31]} Be6 {[%clk 0:12:26]} 14. Ne4
{[%clk 0:16:28]} Qb8 {[%clk 0:09:13]} 15. Bf2 {[%clk 0:12:44]} Bh6+
{[%clk 0:07:55]} 16. Kb1 {[%clk 0:12:50]} Nf4 {[%clk 0:06:50]} 17. Bxe6
{[%clk 0:12:09]} Nxe6 {[%clk 0:06:56]} 18. Nf6+ {[%clk 0:12:00]} Kg7
{[%clk 0:06:19]} 19. Nd7 {[%clk 0:12:04]} Qb5 {[%clk 0:06:14]} 20. Bg3
{[%clk 0:08:55]} f6 {[%clk 0:04:52]} 21. Nxf8 {[%clk 0:08:52]} Kxf8
{[%clk 0:04:46]} 22. Qc3 {[%clk 0:07:48]} Nd4 {[%clk 0:04:37]} 23. Rxd4
{[%clk 0:06:56]} exd4 {[%clk 0:04:38]} 24. Qxd4 {[%clk 0:07:02]} Bg7
{[%clk 0:04:11]} 25. Re1 {[%clk 0:05:57]} Kg8 {[%clk 0:03:30]} 26. Qe4
{[%clk 0:05:30]} Kh8 {[%clk 0:02:29]} 27. Qe7 {[%clk 0:05:13]} a5
{[%clk 0:01:55]} 28. Qd7 {[%clk 0:04:59]} Rg8 {[%clk 0:00:30]} 29. Qd3
{[%clk 0:02:28]} f5 {[%clk 0:00:35]} 30. Qxb5 {[%clk 0:02:24]} cxb5
{[%clk 0:00:44]} 31. c3 {[%clk 0:01:26]} Rd8 {[%clk 0:00:47]} 32. Kc2
{[%clk 0:01:35]} Bh6 {[%clk 0:00:50]} 33. Be5+ {[%clk 0:01:24]} Kg8
{[%clk 0:00:54]} 34. Bd4 {[%clk 0:01:25]} Bf4 {[%clk 0:00:56]} 35. Re7
{[%clk 0:01:22]} Bxh2 {[%clk 0:00:40]} 36. Rg7+ {[%clk 0:01:23]} Kf8
{[%clk 0:00:46]} 37. Rxh7 {[%clk 0:01:29]} Bf4 {[%clk 0:00:22]} 38. Rh8+
{[%clk 0:01:30]} Ke7 {[%clk 0:00:30]} 39. Bf6+ {[%clk 0:01:34]} Kxf6
{[%clk 0:00:38]} 40. Rxd8 {[%clk 0:01:43]} Kg5 {[%clk 0:00:34]} 41. Kd3
{[%clk 0:01:06]} Kh4 {[%clk 0:00:40]} 42. Ke2 {[%clk 0:01:13]} Be5
{[%clk 0:00:31]} 43. Rd5 {[%clk 0:01:18]} Bc7 {[%clk 0:00:30]} 44. Rxb5
{[%clk 0:01:25]} Kg3 {[%clk 0:00:37]} 45. Kf1 {[%clk 0:01:34]} Kf4
{[%clk 0:00:41]} 46. b4 {[%clk 0:01:29]} a4 {[%clk 0:00:29]} 47. Rd5
{[%clk 0:01:05]} Ke3 {[%clk 0:00:27]} 48. c4 {[%clk 0:00:46]} 1-0

[Event "D14"]
[Site "?"]
[Date "2020.08.25"]
[Round "2.4"]
[White "Grzesik, Nikola"]
[Black "Siekanska, Maria"]
[Result "1/2-1/2"]
[BlackElo "1609"]
[WhiteElo "1317"]
[LiveChessVersion "1.4.4"]

1. c4 e6 2. Nc3 d5 3. cxd5 exd5 4. d4 c5 5. e3 Nf6 6. Nge2 Nc6 7. Nf4 c4 8. Bd2
Bf5 9. a3 Rc8 10. b3 Na5 11. bxc4 Nxc4 12. Bxc4 Rxc4 13. Qb3 Qc8 14. O-O Bd6 15.
Rac1 Bxf4 16. exf4 Rc6 17. Rfe1+ Kf8 18. Qb4+ Kg8 19. Qe7 h6 20. f3 Be6 21. Qb4
Kh7 22. Qb1+ g6 23. Qb2 Kg7 24. Na4 Nd7 25. Rxc6 Qxc6 26. Qb4 Qa6 27. Nc5 Nxc5
28. Qxc5 Rc8 29. Qb4 Rc4 30. Qb2 Qc6 31. Rc1 b5 32. Rxc4 bxc4 33. Qb4 Bf5 34. Kf2
Bd3 35. Bc3 Qe6 36. Qb2 h5 37. Qd2 Qb6 38. Qb2 Qd6 39. Bd2 h4 40. Qc1 Qb6 41. Qc3
f6 42. Be3 Qb1 43. Qc1 Qa2+ 44. Bd2 Qb3 45. Bc3 Qb7 46. Qb2 Qe7 47. Bb4 Qc7 48.
Bd2 Kh6 49. Qb4 g5 50. Qf8+ Kh7 51. Qxf6 c3 52. Bc1 Qb7 53. fxg5 Qb1 54. Qf7+ Kh8
55. Qf6+ Kh7 56. Qf7+ Kh8 57. Qf6+ 1/2-1/2

[Event "D14"]
[Site "?"]
[Date "2020.08.25"]
[Round "2.5"]
[White "Skolska, Emilia"]
[Black "Tokarz, Izabela"]
[Result "0-1"]
[BlackElo "1533"]
[WhiteElo "1303"]
[LiveChessVersion "1.4.4"]

1. e4 c5 2. Nf3 d6 3. d4 cxd4 4. Nxd4 Nf6 5. Nc3 g6 6. Be3 Bg7 7. f3 O-O 8. Bc4
Nc6 9. Qd2 Bd7 10. O-O-O Rc8 11. Bb3 Nxd4 12. Bxd4 b5 13. Kb1 a5 14. a3 b4 15.
axb4 axb4 16. Na2 Be6 17. Bxe6 fxe6 18. Nxb4 Ra8 19. b3 Qa5 20. Nd3 Qa2+ 21. Kc1
Nxe4 22. Qe3 Bxd4 23. Qxd4 Nf6 24. Kd2 Rac8 25. Rc1 Qa5+ 26. Kd1 e5 27. Qb4 Qd5
28. Re1 Nh5 29. Qe4 Qf7 30. Ra1 Nf6 31. Qb7 Nd5 32. Ra7 Rc7 33. Qa6 Rxa7 34. Qxa7
Rc8 35. Qb7 Rc7 36. Qb8+ Kg7 37. c4 Qf5 38. Nf2 Qb1+ 39. Ke2 Nf4+ 40. Kf1 Rc8 41.
Qxc8 Qxb3 42. Qc7 Kf7 43. g3 Ne6 44. Qc6 Nd4 45. Qd5+ Kg7 46. Kg2 Qc3 47. f4 Qxe1
48. fxe5 dxe5 49. c5 Nf5 50. Qf3 Ne3+ 51. Kh3 Qf1+ 52. Kh4 Nf5+ 53. Kg4 h5+ 0-1